| 000 | 00349nam a2200121Ia 4500 | ||
|---|---|---|---|
| 008 | 210430s9999 xx 000 0 und d | ||
| 082 | _a620.1 S893 P | ||
| 100 | _aA. Brent Strong | ||
| 245 |
_aPlastics Materials And Processing 2nd _cA. Brent Strong |
||
| 260 |
_aNew Jersey _bPrentice Hall of Australia _c2000 |
||
| 300 | _a811 p | ||
| 942 |
_cBK _2ddc |
||
| 999 |
_c565058 _d565058 |
||